000 00305nam a2200133Ia 4500
008 191201s2014 xx 000 0 und d
100 _aDHAMDHERE, D M
245 0 _aSystems Programming
250 _aRep
260 _c2014
_bMGH
_aNew Delhi
300 _a538
650 _aMCA 2ND SEM
942 _2ddc
_cBB
_01
999 _c7743
_d7743